[Event "Titled Tuesday intern op 06th May Early"]
[Site "Chess.com INT"]
[Date "2025.05.06"]
[Round "8"]
[White "Gurel, Ediz"]
[Black "Plat, Vojtech"]
[Result "1-0"]
[WhiteElo "2636"]
[BlackElo "2482"]
[PlyCount "89"]
[EventDate "2025.05.06"]
[EventType "swiss (blitz)"]
[EventRounds "11"]
[EventCountry "USA"]
[SourceTitle "CB20_2025"]
[SourceDate "2025.05.14"]
[SourceVersion "1"]
[SourceVersionDate "2025.05.14"]
[SourceQuality "1"]

1. Nf3 d6 2. d4 Bg4 3. Nbd2 Nf6 4. b3 Nbd7 5. Bb2 g6 6. e3 Bg7 7. Be2 0-0 8. 0-0 c6 9. c4 Qc7 10. h3 Bxf3 11. Nxf3 Rfe8 12. Qc2 e5 13. dxe5 Nxe5 14. Rfd1 Rad8 15. Rd2 Nxf3+ 16. Bxf3 Nd7 17. Rad1 Bxb2 18. Qxb2 Nc5 19. b4 Ne6 20. Qf6 a5 21. a3 axb4 22. axb4 Qb6 23. Qc3 Qc7 24. h4 Qe7 25. g3 Ng7 26. Kg2 Nf5 27. b5 cxb5 28. cxb5 Rc8 29. Qb3 Qf6 30. Rd3 Rc5 31. b6 Nxh4+ 32. gxh4 Qxh4 33. Bd5 Re5 34. Bxf7+ Kg7 35. Be6 Rg5+ 36. Kf1 Qh1+ 37. Ke2 Qh5+ 38. Kd2 Qf3 39. Rf1 Rge5 40. Rxd6 Qg2 41. Qd3 Rb5 42. Qd4 Qxf1 43. Rd7+ Kf6 44. Rf7+ Kxe6 45. Qd7# 1-0

[Event "Titled Tuesday intern op 06th May Early"]
[Site "Chess.com INT"]
[Date "2025.05.06"]
[Round "9"]
[White "Plat, Vojtech"]
[Black "Keymer, Vincent"]
[Result "0-1"]
[WhiteElo "2482"]
[BlackElo "2720"]
[PlyCount "98"]
[EventDate "2025.05.06"]
[EventType "swiss (blitz)"]
[EventRounds "11"]
[EventCountry "USA"]
[SourceTitle "CB20_2025"]
[SourceDate "2025.05.14"]
[SourceVersion "1"]
[SourceVersionDate "2025.05.14"]
[SourceQuality "1"]

1. e4 c5 2. Nf3 d6 3. c3 Nf6 4. Bc4 Nc6 5. Qe2 a6 6. Bb3 Bg4 7. h3 Bh5 8. g4 Bg6 9. d3 e6 10. Bf4 Be7 11. Nbd2 Rc8 12. h4 h5 13. g5 Ng4 14. Nf1 b5 15. Ne3 Qb6 16. Nxg4 hxg4 17. Nd2 Bh5 18. Bg3 Ne5 19. Qe3 Qc6 20. Bc2 Bg6 21. 0-0-0 b4 22. Bxe5 dxe5 23. Nc4 bxc3 24. bxc3 Bh5 25. Qg3 f6 26. Kb2 Bd8 27. Ka1 Bc7 28. Rb1 0-0 29. gxf6 Rxf6 30. Bd1 Rf4 31. Qe3 Rcf8 32. Rb2 Kh7 33. Rg1 Qd7 34. Qxc5 Qd8 35. Qe3 Qxh4 36. Rb7 R8f7 37. Rxc7 Rxc7 38. Nxe5 Qxf2 39. Qxf2 Rxf2 40. Rh1 g6 41. Nxg4 Rf4 42. c4 Kg7 43. Ne5 Bxd1 44. Rxd1 Kf6 45. d4 Rxe4 46. c5 g5 47. Rf1+ Rf4 48. Rd1 g4 49. Rg1 Kf5 0-1

[Event "Titled Tuesday intern op 06th May Early"]
[Site "Chess.com INT"]
[Date "2025.05.06"]
[Round "3"]
[White "Plat, Vojtech"]
[Black "Purtseladze, Maka"]
[Result "1-0"]
[WhiteElo "2482"]
[BlackElo "2261"]
[PlyCount "125"]
[EventDate "2025.05.06"]
[EventType "swiss (blitz)"]
[EventRounds "11"]
[EventCountry "USA"]
[SourceTitle "CB20_2025"]
[SourceDate "2025.05.14"]
[SourceVersion "1"]
[SourceVersionDate "2025.05.14"]
[SourceQuality "1"]

1. e4 c6 2. Nf3 d5 3. d3 dxe4 4. dxe4 Qxd1+ 5. Kxd1 Nf6 6. Nbd2 g6 7. Ne5 Bg7 8. Bc4 0-0 9. Nd3 Nbd7 10. a4 Nb6 11. Bb3 a5 12. f3 Nfd7 13. c3 Ne5 14. Nxe5 Bxe5 15. Kc2 Bf4 16. Nc4 Nxc4 17. Bxf4 Be6 18. Ba2 Rfd8 19. b3 Nd6 20. Rhd1 b5 21. Bb1 Nb7 22. Rxd8+ Rxd8 23. axb5 cxb5 24. Bc7 Ra8 25. Kb2 a4 26. Bd3 Bxb3 27. Bxb5 Nc5 28. c4 Ne6 29. Be5 f6 30. Bc3 Rc8 31. Bd7 Rb8 32. Bxe6+ Kg7 33. Ka3 Rb6 34. Bd5 e6 35. c5 Rb5 36. Bxb3 Rxb3+ 37. Kxa4 Rxc3 38. Kb4 Rc2 39. Rb1 Kf7 40. Kb5 Ke7 41. Kb6 Kd7 42. Rd1+ Kc8 43. Rd6 Rxg2 44. Rxe6 Rxh2 45. Rxf6 Rf2 46. Rf7 h5 47. Kc6 Kd8 48. e5 Re2 49. Kd6 Rd2+ 50. Ke6 h4 51. Rh7 Rc2 52. Rxh4 Rxc5 53. Kf6 Rc6+ 54. Kf7 Rc7+ 55. Kxg6 Rc3 56. f4 Ke7 57. Kf5 Kf8 58. Rh7 Kg8 59. Ra7 Rc6 60. Kg5 Kf8 61. f5 Ke8 62. e6 Rc8 63. Kf6 1-0

[Event "Southend GM"]
[Site "Southend"]
[Date "2025.04.17"]
[Round "1"]
[White "Lim, Zhuo Ren"]
[Black "Plat, Vojtech"]
[Result "1/2-1/2"]
[WhiteElo "2331"]
[BlackElo "2479"]
[PlyCount "46"]
[EventDate "2025.04.17"]
[EventType "tourn"]
[EventRounds "9"]
[EventCountry "ENG"]
[EventCategory "6"]
[SourceTitle "CB17_2025"]
[SourceDate "2025.04.23"]
[SourceVersion "1"]
[SourceVersionDate "2025.04.23"]
[SourceQuality "1"]

1. d4 Nf6 2. c4 g6 3. g3 Bg7 4. Bg2 d5 5. cxd5 Nxd5 6. e4 Nb6 7. Ne2 0-0 8. 0-0 Nc6 9. d5 Na5 10. Nbc3 c6 11. b3 cxd5 12. exd5 Bg4 13. Bd2 e6 14. dxe6 Bxe6 15. Ne4 Nc6 16. Bg5 f6 17. Be3 Qxd1 18. Raxd1 Rad8 19. Nd6 Nb4 20. Nxb7 Rxd1 21. Rxd1 Nxa2 22. Nd4 Bf7 23. Nd6 Bd5 1/2-1/2